| 000 | 02080cam a22002895a 4500 | ||
|---|---|---|---|
| 999 |
_c27277 _d27248 |
||
| 005 | 20190327135028.0 | ||
| 008 | 150729t2017 ne a frb 001 0 eng d | ||
| 020 | _z9780128002773 | ||
| 040 |
_aStDuBDS _beng _cStDuBDS _dUk _dEG-ScBUE _dEG-ScBUE |
||
| 082 | 0 | 4 |
_a621.44 _bTOT _222 |
| 100 | 1 | _aToth, Aniko. | |
| 245 | 1 | 0 |
_aFlow and heat transfer in geothermal systems : _bbasic equations for describing and modeling geothermal phenomena and technologies / _cAniko Toth, Elemer Bobok. |
| 260 |
_aAmsterdam : _bElsevier Science Publishing, _cc.2017. |
||
| 300 |
_axi, 382 p. : _bill. (some col.) ; _c24 cm. |
||
| 504 | _aIncludes bibliographical references and index. | ||
| 520 | _aFlow and Heat Transfer in Geothermal Systems: Basic Equations for Description and Modeling Geothermal Phenomena and Technologies is the ideal reference for research in geothermal systems and alternative energy sources. Written for a wide variety of users, including geologists, geophysicists, hydro-geologists, and engineers, it offers a practical framework for the application of heat and flow transport theory. Authored by two of the world’s foremost geothermal systems experts, whose combined careers span more than 50 years, this text is a one-stop resource for geothermal system theory and application. It will help geoscientists and engineers navigate the wealth of new research that has emerged on the topic in recent years. Presents a practical and immediately implementable framework for understanding and applying heat and flow transport theory Features equations for modelling geothermal phenomena and technologies in full detail Provides an ideal text for applications in both geophysics and engineering | ||
| 650 | 7 |
_aGeothermal engineering. _2BUEsh _928729 |
|
| 650 | 7 |
_aFluid dynamics. _2BUEsh |
|
| 650 | 7 |
_aHeat _xTransmission. _2BUEsh |
|
| 651 | _2BUEsh | ||
| 653 |
_bEENERGYY _bENGPET _cMarch2019 |
||
| 700 | 1 | 0 |
_aBobok, Elemer, _d1938- |
| 776 | 0 | 8 |
_iPrint version : _z9780128002773 |
| 942 | _2ddc | ||